|
|
|
|
| LEADER |
05501nam a22004813i 4500 |
| 001 |
EBC6422809 |
| 003 |
MiAaPQ |
| 005 |
20231204023215.0 |
| 006 |
m o d | |
| 007 |
cr cnu|||||||| |
| 008 |
231204s2018 xx o ||||0 eng d |
| 020 |
|
|
|a 9783319715322
|q (electronic bk.)
|
| 020 |
|
|
|z 9783319715315
|
| 035 |
|
|
|a (MiAaPQ)EBC6422809
|
| 035 |
|
|
|a (Au-PeEL)EBL6422809
|
| 035 |
|
|
|a (OCoLC)1029076234
|
| 040 |
|
|
|a MiAaPQ
|b eng
|e rda
|e pn
|c MiAaPQ
|d MiAaPQ
|
| 050 |
|
4 |
|a LB43
|
| 100 |
1 |
|
|a Stacey, Oliver.
|
| 245 |
1 |
4 |
|a The Globalization of Science Curricula.
|
| 250 |
|
|
|a 1st ed.
|
| 264 |
|
1 |
|a Cham :
|b Springer International Publishing AG,
|c 2018.
|
| 264 |
|
4 |
|c Ã2018.
|
| 300 |
|
|
|a 1 online resource (106 pages)
|
| 336 |
|
|
|a text
|b txt
|2 rdacontent
|
| 337 |
|
|
|a computer
|b c
|2 rdamedia
|
| 338 |
|
|
|a online resource
|b cr
|2 rdacarrier
|
| 490 |
1 |
|
|a IEA Research for Education Series ;
|v v.3
|
| 505 |
0 |
|
|a Intro -- Foreword -- Contents -- 1 Has Globalization Impacted Science Curricula? An Introduction -- Abstract -- 1.1 Establishing a Framework -- 1.2 Overview of This Book -- References -- 2 A Review of the Existing Literature on Globalization of Science Curricula -- Abstract -- 2.1 Introduction -- 2.2 Factors Contributing to the Globalization of Science Education and Science Curricula -- 2.2.1 Education as a Mechanism for Economic Growth -- 2.2.2 Intergovernmental and Non-governmental Organizations -- 2.2.3 Information Technology and Multinational Corporations -- 2.2.4 International Large-Scale Assessments -- 2.2.5 Policy Borrowing and Standardization -- 2.3 What Evidence is There for the Globalization of Science Curricula Over Time? -- 2.3.1 How Different Countries Responded to TIMSS 1995 -- 2.3.2 Case Study: Israel -- 2.3.3 Factors That Oppose the Globalization of Science Curricula -- 2.3.4 Conclusions -- 2.4 What Methods Have Been Used Previously to Investigate Globalization of Curricula? -- References -- 3 Methodology: Examining the Globalization of Science Curricula Using TIMSS -- Abstract -- 3.1 Coding of Curriculum Questionnaire Data -- 3.2 Cluster Analysis and Discriminant Analysis -- 3.3 Additional Analysis of a Sample of Countries -- 3.4 Methodological Limitations -- References -- 4 Results: Evidence for the Globalization of Science Curricula from TIMSS -- Abstract -- 4.1 Coding of Curriculum Questionnaire Data Results -- 4.1.1 The Extent of Change in Countries' Science Curricula Over Time -- 4.1.2 The Nature of Change in Countries' Science Curricula -- 4.1.3 Changes to Science Curricula Between TIMSS Cycles -- 4.1.4 TIMSS Science Topics Included in Countries' Curricula -- 4.1.5 Core and Non-core TIMSS Science Topics Included in Science Curricula -- 4.1.6 Comparison of TIMSS Topics Taught Across Countries.
|
| 505 |
8 |
|
|a 4.2 Cluster Analysis and Discriminant Analysis -- 4.2.1 Grade 4 -- 4.2.2 Grade 8 -- 4.3 Further Analysis Using TIMSS Teacher Questionnaire and Encyclopedia Data -- Reference -- 5 The Globalization of Science Education and Science Curricula: Discussion and Conclusions -- Abstract -- 5.1 Have There Been Changes in Intended Science Curricula Over the Last 20 Years? -- 5.1.1 The Scope and Extent of Changes to Science Curricula as Measured by the TIMSS Curriculum Questionnaire Datasets -- 5.1.2 Patterns of Curricular Changes Made by Different Countries as Measured by the TIMSS Curriculum Questionnaire Datasets -- 5.2 If Changes Do Exist, Do They Support the Hypothesis That Science Curricula Are Becoming Increasingly Similar Across Countries? -- 5.2.1 Evidence That Science Curricula Are Becoming Increasingly Similar -- 5.2.2 Evidence That Suggests Science Curricula Are Not Becoming Increasingly Similar -- 5.3 Are There Groups of Countries Where Curricula Are Increasingly Similar -- Can the Basis of an International Core Curriculum Be Identified? -- 5.3.1 Are There Groups of Countries Where Science Curricula Are Increasingly Similar? -- 5.3.2 Can the Basis of an International Core Science Curriculum Be Identified? -- References -- 6 Future Directions and Topics for Further Research into the Globalization of Science Curricula -- Abstract -- Reference -- Appendix A:: Literature Review Search Strategy -- Outline placeholder -- Bibliographic Databases -- Australian Education Index (Searched Via Proquest, http://www.proquest.com/, 13 October 2016) -- British Education Index (BEI -- Searched Via EBSCO, https://www.ebsco.com/, 12 October 2016) -- The Education Resource Information Center (ERIC -- Searched Via EBSCOhost, https://search.ebscohost.com/, 12 October 2016) -- Appendix B:: Questions Included in Selection Log -- Appendix C:: Example Review Template.
|
| 588 |
|
|
|a Description based on publisher supplied metadata and other sources.
|
| 590 |
|
|
|a Electronic reproduction. Ann Arbor, Michigan : ProQuest Ebook Central, 2023. Available via World Wide Web. Access may be limited to ProQuest Ebook Central affiliated libraries.
|
| 655 |
|
4 |
|a Electronic books.
|
| 700 |
1 |
|
|a De Lazzari, Giulia.
|
| 700 |
1 |
|
|a Grayson, Hilary.
|
| 700 |
1 |
|
|a Griffin, Hazel.
|
| 700 |
1 |
|
|a Jones, Emily.
|
| 700 |
1 |
|
|a Taylor, Amanda.
|
| 700 |
1 |
|
|a Thomas, David.
|
| 776 |
0 |
8 |
|i Print version:
|a Stacey, Oliver
|t The Globalization of Science Curricula
|d Cham : Springer International Publishing AG,c2018
|z 9783319715315
|
| 797 |
2 |
|
|a ProQuest (Firm)
|
| 830 |
|
0 |
|a IEA Research for Education Series
|
| 856 |
4 |
0 |
|u https://ebookcentral.proquest.com/lib/matrademy/detail.action?docID=6422809
|z Click to View
|